<?xml version="1.0" encoding="UTF-8"?><?xml-stylesheet type="text/xsl" href="static/style.xsl"?><OAI-PMH xmlns="http://www.openarchives.org/OAI/2.0/" xmlns:xsi="http://www.w3.org/2001/XMLSchema-instance" xsi:schemaLocation="http://www.openarchives.org/OAI/2.0/ http://www.openarchives.org/OAI/2.0/OAI-PMH.xsd"><responseDate>2026-04-17T11:45:49Z</responseDate><request verb="GetRecord" identifier="oai:www.recercat.cat:2117/182796" metadataPrefix="marc">https://recercat.cat/oai/request</request><GetRecord><record><header><identifier>oai:recercat.cat:2117/182796</identifier><datestamp>2025-07-23T00:07:51Z</datestamp><setSpec>com_2072_1033</setSpec><setSpec>col_2072_452951</setSpec></header><metadata><record xmlns="http://www.loc.gov/MARC21/slim" xmlns:dcterms="http://purl.org/dc/terms/" xmlns:xsi="http://www.w3.org/2001/XMLSchema-instance" xmlns:doc="http://www.lyncode.com/xoai" xsi:schemaLocation="http://www.loc.gov/MARC21/slim http://www.loc.gov/standards/marcxml/schema/MARC21slim.xsd">
   <leader>00925njm 22002777a 4500</leader>
   <datafield ind2=" " ind1=" " tag="042">
      <subfield code="a">dc</subfield>
   </datafield>
   <datafield ind2=" " ind1=" " tag="720">
      <subfield code="a">Boriba Makuere, Ricardo</subfield>
      <subfield code="e">author</subfield>
   </datafield>
   <datafield ind2=" " ind1=" " tag="260">
      <subfield code="c">2020-01-31</subfield>
   </datafield>
   <datafield ind2=" " ind1=" " tag="520">
      <subfield code="a">El presente documento está dividido en dos bloques:&#xd;
Bloque teórico: fundamentos teóricos del IoT para la fase experimental. En este bloque se&#xd;
explica todos los fundamentos teóricos necesarios para entender el concepto de Internet de las&#xd;
cosas o IoT como comúnmente se conoce y también se explica el conjunto de capas o tecnologías&#xd;
que se involucran en este concepto. Esta explicación teórica se hace con la finalidad de asentar&#xd;
las bases para poder entender mejor el segundo bloque que consiste en una fase más&#xd;
experimental.&#xd;
Bloque Experimental: creación de la Prueba de Concepto (PdC). En esta parte del documento&#xd;
se crean dos pruebas de concepto, es decir, se implementa de manera resumida e incompleta&#xd;
lo que se ha explicado en el bloque teórico, con la intención de verificar que el concepto de IoT&#xd;
es susceptible de ser explotado de manera más útil.&#xd;
La primera prueba de concepto creada se explica paso a paso y consiste en la creación de una&#xd;
página web en la que se visualiza mediante gráficos los datos capturados por un sensor de&#xd;
humedad y temperatura. Se trata de una página web sin servidor y utilizando tecnología de la&#xd;
computación en la nube y lenguajes de programación bastante conocidos como son Python,&#xd;
JavaScript, DynamoDB, etc.&#xd;
La segunda prueba de concepto, consiste en incluir más datos de sensores (Luxómetro, medidor&#xd;
de energía, calidad del aire y presión) en la plataforma anterior. Al contrario que la web anterior,&#xd;
esta plataforma no se explica paso a paso, para limitar la extensión del documento, pero sí se&#xd;
provee de todos los recursos necesarios para su implementación.&#xd;
A través de este link, puedes se puede acceder a ver el resultado final de las Pruebas de&#xd;
Concepto:&#xd;
http://iotcloudsolutions.com/</subfield>
   </datafield>
   <datafield tag="653" ind2=" " ind1=" ">
      <subfield code="a">Àrees temàtiques de la UPC::Energies</subfield>
   </datafield>
   <datafield tag="653" ind2=" " ind1=" ">
      <subfield code="a">Internet of things</subfield>
   </datafield>
   <datafield tag="653" ind2=" " ind1=" ">
      <subfield code="a">Energy industries</subfield>
   </datafield>
   <datafield tag="653" ind2=" " ind1=" ">
      <subfield code="a">IoT</subfield>
   </datafield>
   <datafield tag="653" ind2=" " ind1=" ">
      <subfield code="a">Raspberry Pi</subfield>
   </datafield>
   <datafield tag="653" ind2=" " ind1=" ">
      <subfield code="a">energia</subfield>
   </datafield>
   <datafield tag="653" ind2=" " ind1=" ">
      <subfield code="a">computación en la nube</subfield>
   </datafield>
   <datafield tag="653" ind2=" " ind1=" ">
      <subfield code="a">serverless</subfield>
   </datafield>
   <datafield tag="653" ind2=" " ind1=" ">
      <subfield code="a">sensores</subfield>
   </datafield>
   <datafield tag="653" ind2=" " ind1=" ">
      <subfield code="a">datos</subfield>
   </datafield>
   <datafield tag="653" ind2=" " ind1=" ">
      <subfield code="a">AWS</subfield>
   </datafield>
   <datafield tag="653" ind2=" " ind1=" ">
      <subfield code="a">Internet de les coses</subfield>
   </datafield>
   <datafield tag="653" ind2=" " ind1=" ">
      <subfield code="a">Indústries energètiques</subfield>
   </datafield>
   <datafield ind2="0" ind1="0" tag="245">
      <subfield code="a">IoT en el sector energético: sofware de monitorización y análisis de variables ambientales y energéticas</subfield>
   </datafield>
</record></metadata></record></GetRecord></OAI-PMH>